10 Famous People Named Sam - Statistics

General Stats
  • This quiz has been taken 13,712 times
    10,774 since last reset
  • The average score is 5 of 10
Answer Stats
Hint Answer % Correct
Would you please remove these gosh-darn snakes from this no-good plane? Samuel L. Jackson
76%
Namesake of a .45 revolver Samuel Colt
71%
Texas revolutionary hero who is the namesake of a major city Sam Houston
68%
American founding father and beer brand namesake Samuel Adams
64%
He patented the telegraph Samuel Morse
56%
Founder of Walmart, once the world's richest person Sam Walton
55%
Mark Twain's real name Samuel Clemens
52%
Irish playwright who wrote "Waiting for Godot" Samuel Beckett
43%
"Rime of the Ancient Mariner" poet Samuel Taylor Coleridge
30%
Englishman who single-handily wrote a dictionary in the 1700s Samuel Johnson
29%
No matching quizzes found
Score Distribution
Percent of People with Each Score
Percentile by Number Answered
Your Score History
You have not taken this quiz since the last reset